[Event "BCF-ch U16"]
[Site "Aberystwyth"]
[Date "2014.07.23"]
[Round "3"]
[White "Strong, Zoe"]
[Black "Karia, Rishul"]
[Result "0-1"]
[WhiteElo "1347"]
[BlackElo "1642"]
[PlyCount "58"]
[EventDate "2014.07.21"]
[EventType "swiss"]
[EventRounds "7"]
[EventCountry "WLS"]
[SourceTitle "CBM 161 Extra"]
[Source "ChessBase"]
[SourceDate "2014.08.29"]
[SourceVersion "1"]
[SourceVersionDate "2014.08.29"]
[SourceQuality "1"]

1. e4 e5 2. Nf3 Nc6 3. Nc3 Nf6 4. d4 exd4 5. Nxd4 Nxd4 6. Qxd4 d6 7. Bg5 Be7 8. 0-0-0 0-0 9. Bc4 a6 10. h4 b5 11. Bb3 c5 12. Bxf7+ Rxf7 13. Qd2 Bb7 14. f3 b4 15. Nd5 Bxd5 16. exd5 Nd7 17. f4 a5 18. h5 a4 19. h6 g6 20. g4 Bxg5 21. fxg5 Ne5 22. Qe2 Qxg5+ 23. Kb1 a3 24. b3 Nf3 25. Rd3 Nd4 26. Qe1 Qf6 27. c4 Raf8 28. Kc1 Re7 29. Qd2 Re2 0-1

[Event "BCF-ch U16"]
[Site "Torquay"]
[Date "2013.08.03"]
[Round "7.10"]
[White "Cawley, Henry J"]
[Black "Strong, Zoe"]
[Result "0-1"]
[WhiteElo "1386"]
[BlackElo "1522"]
[PlyCount "128"]
[EventDate "2013.07.29"]
[EventType "swiss"]
[EventRounds "7"]
[EventCountry "ENG"]
[SourceTitle "EXT 2023"]
[Source "ChessBase"]
[SourceDate "2022.10.05"]
[SourceVersion "1"]
[SourceVersionDate "2022.10.05"]
[SourceQuality "1"]

1. d4 Nf6 2. c4 g6 3. e3 Bg7 4. Bd3 c5 5. Ne2 Nc6 6. d5 Nb4 7. a3 Nxd3+ 8. Qxd3 d6 9. Bd2 Rb8 10. Nbc3 a6 11. a4 Bd7 12. b3 Bf5 13. e4 Nxe4 14. Qe3 Nxd2 15. Qxd2 Bg4 16. Rd1 Qa5 17. f3 Bd7 18. Ne4 Qxd2+ 19. Rxd2 b5 20. axb5 axb5 21. 0-0 0-0 22. Ra2 Rfe8 23. Nd2 Bf5 24. Nc1 bxc4 25. bxc4 Ra8 26. Rxa8 Rxa8 27. g4 Bd7 28. Re1 Kf8 29. Ne2 Ra2 30. Ne4 Rc2 31. Ng5 h6 32. Nh3 Rxc4 33. Rc1 Rxc1+ 34. Nxc1 h5 35. Nf2 hxg4 36. Nxg4 Bxg4 37. fxg4 f5 38. g5 Be5 39. Ne2 Kf7 40. h4 e6 41. dxe6+ Kxe6 42. Kf2 d5 43. Ke3 d4+ 44. Kd3 Kd5 45. h5 gxh5 46. g6 Ke6 47. g7 Kf7 48. Kc4 h4 49. Ng1 Kxg7 50. Nf3 Bg3 51. Kxc5 d3 52. Kd4 d2 53. Nxd2 Kf6 54. Nf3 Bf2+ 55. Kd3 Bg3 56. Nxh4 Bxh4 57. Ke3 Ke5 58. Kf3 f4 59. Ke2 Ke4 60. Kf1 Ke3 61. Kg2 Ke2 62. Kg1 f3 63. Kh1 f2 64. Kh2 Kf3 0-1

[Event "BCF-ch U16"]
[Site "Torquay"]
[Date "2013.08.01"]
[Round "5.51"]
[White "Waddingham, Paul"]
[Black "Strong, Zoe"]
[Result "1-0"]
[WhiteElo "1658"]
[BlackElo "1522"]
[PlyCount "117"]
[EventDate "2013.07.29"]
[EventType "swiss"]
[EventRounds "7"]
[EventCountry "ENG"]
[SourceTitle "EXT 2023"]
[Source "ChessBase"]
[SourceDate "2022.10.05"]
[SourceVersion "1"]
[SourceVersionDate "2022.10.05"]
[SourceQuality "1"]

1. g3 g6 2. Bg2 Bg7 3. c4 Nf6 4. Nc3 c5 5. d4 cxd4 6. Qxd4 0-0 7. Bg5 Qa5 8. Qd2 Qc5 9. b3 Ng4 10. Ne4 Qf5 11. Rc1 h6 12. Be3 Nxe3 13. Qxe3 d5 14. cxd5 Nd7 15. Nc3 Nf6 16. Qd2 Rd8 17. e4 Qe5 18. Nf3 Qc7 19. 0-0 Bg4 20. Nd4 Qd7 21. Qe3 Bh3 22. Rfd1 Bxg2 23. Kxg2 Rac8 24. h3 a6 25. Nde2 e6 26. Nf4 exd5 27. Ncxd5 Nxd5 28. exd5 Rxc1 29. Qxc1 Qf5 30. d6 Be5 31. d7 Kg7 32. Qc5 Bxf4 33. Qxf5 gxf5 34. gxf4 f6 35. Kg3 Kf7 36. Kh4 Kg6 37. Rd6 Kg7 38. Kh5 a5 39. a4 Kh7 40. Rxf6 Rxd7 41. Rxh6+ Kg7 42. Rb6 Kh8 43. Kg6 Kg8 44. h4 Rh7 45. h5 Rg7+ 46. Kxf5 Rf7+ 47. Kg5 Kh8 48. h6 Kh7 49. Rg6 Rc7 50. Rg7+ Rxg7+ 51. hxg7 Kxg7 52. f5 b6 53. f6+ Kf7 54. Kf5 Kf8 55. Ke6 Ke8 56. Kf5 Kf8 57. Ke6 Ke8 58. f4 Kf8 59. f5 1-0

[Event "BCF-ch U16"]
[Site "Torquay"]
[Date "2013.07.31"]
[Round "4.61"]
[White "Narayanan, Nandaja"]
[Black "Strong, Zoe"]
[Result "0-1"]
[WhiteElo "1418"]
[BlackElo "1522"]
[PlyCount "118"]
[EventDate "2013.07.29"]
[EventType "swiss"]
[EventRounds "7"]
[EventCountry "ENG"]
[SourceTitle "EXT 2023"]
[Source "ChessBase"]
[SourceDate "2022.10.05"]
[SourceVersion "1"]
[SourceVersionDate "2022.10.05"]
[SourceQuality "1"]

1. e4 c5 2. Nf3 d5 3. e5 Nc6 4. Bb5 Bd7 5. Bxc6 bxc6 6. c3 g6 7. d4 cxd4 8. cxd4 c5 9. Be3 cxd4 10. Bxd4 e6 11. 0-0 Bg7 12. Nc3 Ne7 13. Qd2 Qc7 14. Rfe1 0-0 15. b3 Nf5 16. Rac1 Qa5 17. g3 Rfc8 18. Qd3 Nxd4 19. Nxd4 Rab8 20. a4 Qb4 21. Qe3 Rb7 22. Ndb5 Bxb5 23. Nxb5 Rcb8 24. Rb1 a6 25. Nd4 Rb6 26. Ra1 Bh6 27. f4 a5 28. Nc2 Qxb3 29. Qxb3 Rxb3 30. Nd4 R3b6 31. Nb5 Rc8 32. Nd6 Rc2 33. Rec1 Rbb2 34. Rxc2 Rxc2 35. Rb1 Ra2 36. Rb8+ Bf8 37. Ne8 Rxa4 38. Nf6+ Kg7 39. Ne8+ Kh6 40. Nf6 Ra1+ 41. Kg2 Bg7 42. Ng8+ Kh5 43. Kh3 Ra3 44. Ra8 g5 45. Rf8 g4+ 46. Kg2 Bxf8 47. Nf6+ Kg6 48. h3 Ra2+ 49. Kh1 gxh3 50. g4 d4 51. Ne4 d3 52. g5 d2 53. Nf2 Bc5 54. Nd1 Ra1 55. Kh2 Rxd1 56. Kxh3 Rh1+ 57. Kg4 d1Q+ 58. Kg3 Qd3+ 59. Kg2 Qh3# 0-1